Normal view
MARC view
Entry Personal Name
001 - CONTROL NUMBER
- control field: 51007
003 - CONTROL NUMBER IDENTIFIER
- control field: OSt
005 - DATE AND TIME OF LATEST TRANSACTION
- control field: 20250303121331.0
008 - FIXED-LENGTH DATA ELEMENTS
- fixed length control field: 250303|| aca||aabn | a|a d
040 ## - CATALOGING SOURCE
- Original cataloging agency: OSt
- Transcribing agency: OSt
100 ## - HEADING--PERSONAL NAME
- Personal name: Chou, Charian Manyika, James and Neven, Hartmut
670 ## - SOURCE DATA FOUND
- Source citation: Work cat.: (OSt): Chou, Charian Manyika, James and Neven, Hartmut , The race to lead the quantum future: How the next computing revolution will transform the global economy and upend national security
